000
00312nam a2200121Ia 4500
008
190216s9999||||xx |||||||||||||| ||und||
100
_a
Ravi M Kishore
245
0
_a
Cost Management: Management Accounting With Problems & Solutions
260
_b
Taxmann Pub
300
_a
2.458
650
_a
Commerce
942
_c
BK
999
_c
5938
_d
5938